| 000 | 01513cam a22002891i 4500 | ||
|---|---|---|---|
| 003 | SA-RiAUC | ||
| 005 | 20250127081620.0 | ||
| 008 | 250125s1981 le g 000 0cara c | ||
| 040 |
_aSA-JeALM _bara _cSA-RiAUC _erda |
||
| 043 | _af-mu--- | ||
| 082 | 0 | 4 |
_a920.58 _qSA-RiAUC |
| 090 |
_a920.58 _bب ر ت |
||
| 100 | 1 |
_aالبرتلي، محمد بن أبي بكر الصديق بن عبد الله، _d1140-1219 هجرى _eمؤلف. |
|
| 245 | 1 | 0 |
_aفتح الشكور في معرفة أعيان التكرور / _cتأليف أبو عبد الله الطالب محمد بن أبي بكر الصديق البرتلي الولاتي ؛ تحقيق محمد إبراهيم الكتاني، محمد حجي. |
| 250 | _aالطبعة الاولى. | ||
| 264 | 1 |
_aبيروت : _bدار الغرب الإسلامي، _c1981 |
|
| 300 |
_a299 صفحة ؛ _c24 سم |
||
| 336 |
_aنص _btxt _2rdacontent _3كتاب |
||
| 337 |
_aبدون وسيط _bn _2rdamedia |
||
| 338 |
_aمجلد _bnc _2rdacarrier |
||
| 650 | 7 |
_aالفقهاء الموريتانيون _vتراجم _2aucsh |
|
| 700 | 1 |
_aحجي، محمد، _d1923-2004 _eمحقق. |
|
| 700 | 1 |
_aالكتاني، محمد إبراهيم بن أحمد بن جعفر، _d1907-1990 _eمحقق. |
|
| 700 | 1 | 2 |
_iتحقيق لـ (عمل) : _aالبرتلي، محمد بن أبي بكر الصديق بن عبد الله، _d1140-1219 هجرى _tفتح الشكور في معرفة أعيان التكرور. |
| 942 |
_2ddc _cBOOK _n0 |
||
| 949 |
_aSA-JeALM _d250125 _uosman123 _n1 |
||
| 999 |
_c5302 _d5302 |
||